Apelidos Brasileirão Série B - Statistics

Estatísticas Gerais
  • Esse quiz foi jogado 146 vezes
    81 desde o último reset
  • A pontuação média é 12 de 20
Estatísticas das Respostas
Equipe Apelido % Correto
Sport Leão
92%
Santos Peixe
89%
Mirassol Leão da Alta
88%
Avaí Leão da Ilha
88%
América-MG Coelho
77%
Ponte Preta Macaca
76%
Coritiba Coxa
72%
Ceará Vozão
72%
Paysandu Papão da Curuzu
66%
Guarani Bugre
55%
Chapecoense Chape
55%
Operário-PR Fantasma
55%
Vila Nova Tigre
55%
Novorizontino Tigre do Vale
55%
Amazonas Onça-Pintada
46%
Goiás Esmeraldino
42%
CRB Galo da Praia
42%
Ituano Galo de Itu
42%
Botafogo-SP Pantera da Mogiana
26%
Brusque Quadricolor
18%
Nenhum quiz correspondente encontrado
Distribuição das Pontuações
Porcentagem de Pessoas com Cada Pontuação
Percentil de Números Respondidos
Sua Pontuação Histórica
Você não jogou esse quiz desde o último reset